| 000 | 00672nam a2200229Ia 4500 | ||
|---|---|---|---|
| 003 | OSt | ||
| 005 | 20220924115306.0 | ||
| 006 | a|||||r|||| 00| 0 | ||
| 007 | ta | ||
| 008 | 220923b |||||||| |||| 00| 0 urd d | ||
| 024 | _a309531 | ||
| 037 | _cTextual | ||
| 040 |
_aARTS _cARTS _burd |
||
| 041 |
_2urd _aurd |
||
| 082 | _aO1593,3x(Y:51), 168M8 | ||
| 100 |
_aQuddusi Maulana Ejazulhaque _9177613 |
||
| 245 | 0 | _aSindh ki tareekhi kahaniyan | |
| 260 |
_aDelhi _bAnjuman Taraqqqi Urdu India _c1988 |
||
| 650 | _aSINDHI LITERATURE | ||
| 942 |
_hO1593,3x(Y:51), 168M8 _cTEXL _2CC |
||
| 999 |
_c397661 _d397661 |
||